Corpus-based methods in language and speech processing
Αποθηκεύτηκε σε:
| Άλλοι συγγραφείς: | , |
|---|---|
| Μορφή: | Βιβλίο |
| Γλώσσα: | English |
| Δημοσίευση: |
Dordrecht ; : Boston :
Kluwer Academic,
[c1997]
|
| Σειρά: | Text, speech and language technology ;
; 2 |
| Θέματα: | |
| Ετικέτες: |
Προσθήκη ετικέτας
Δεν υπάρχουν, Καταχωρήστε ετικέτα πρώτοι!
|
MARC
| LEADER | 00000nam a2200000 i 4500 | ||
|---|---|---|---|
| 001 | 1/38583 | ||
| 008 | 061201s1997 eng d | ||
| 020 | |a 0-7923-4463-4 | ||
| 035 | |l 10086381 | ||
| 040 | |a GR-MY-UA |b gre |e aacr | ||
| 041 | 0 | |a eng | |
| 082 | 0 | |a 410.285 |2 (22) | |
| 245 | 1 | 0 | |a Corpus-based methods in language and speech processing / |c edited by Steve Young and Gerrit Bloothooft |
| 260 | |a Dordrecht ; : |a Boston : |b Kluwer Academic, |c [c1997] | ||
| 300 | |a xii, 234 σ.; |c 24 εκ. | ||
| 490 | 1 | |a Text, speech, and language technology |v ; 2 | |
| 504 | |a Βιβλιογραφία: σ. 210-234 | ||
| 650 | 0 | 0 | |a Computational linguistics |x Methodology. |
| 650 | 0 | 0 | |a Linguistic models. |
| 700 | 1 | |a Bloothooft, Gerrit. |4 edt | |
| 700 | 1 | |a Young, Steve |d 1951- | |
| 830 | 0 | |a Text, speech and language technology ; |v ; 2 | |
| 852 | |a INST |b RHODES |e 20061201 |h 410.285 COR |p 005400023736 |q 005400023736 |t BK |y 0 | ||
| 901 | |a BIBL4-2006-3 | ||
| 909 | |a Ρ |b 131676 | ||
| 920 | |a ΑΝΑΜΟΡΦΩΣΗ |b ΕΠΕΑΕΚ ΙΙ-ΤΕΠΑΕΣ |y ΡΟΔΟΣ |z 2006-11 | ||
| 970 | |a ΜΙΣΣΟΣ |b ΣΤΑΥΡΟΣ |z 2006/12/01 | ||